Central Library OPAC University of Rajshahi

The table-talk of a Mesopotamian judge, / (Record no. 4043)

MARC details
000 -LEADER
fixed length control field 00873cam a2200289u 4500
001 - CONTROL NUMBER
control field 4043
003 - CONTROL NUMBER IDENTIFIER
rucl marc code BD-RjUL
005 - DATE AND TIME OF LATEST TRANSACTION
control field 20211208233826.0
008 - FIXED-LENGTH DATA ELEMENTS--GENERAL INFORMATION
fixed length control field 131221s1922 enk 000 0 eng d
035 ## - SYSTEM CONTROL NUMBER
System control number (BD-RjUL)4077
040 ## - CATALOGING SOURCE
Original cataloging agency DLC
Transcribing agency CarP
Modifying agency DLC
-- (BD-RjUL)
Language of cataloging eng
041 ## - LANGUAGE CODE
Language code of text/sound track or separate title eng
082 04 - DEWEY DECIMAL CLASSIFICATION NUMBER
Classification number 808.8
Author mark and year TAB
100 1# - MAIN ENTRY--PERSONAL NAME
Personal name Margoliouth, D. S.
Dates associated with a name 940?-994. [from old catalog]
9 (RLIN) 12861
245 14 - TITLE STATEMENT
Title The table-talk of a Mesopotamian judge, /
260 ## - PUBLICATION, DISTRIBUTION, ETC. (IMPRINT)
Place of publication, distribution, etc. [London]
Name of publisher, distributor, etc. Royal Asiatic Society,
Date of publication, distribution, etc. 1922
300 ## - PHYSICAL DESCRIPTION
Pagination viii,300p. ;
Size 24 cm.
504 ## - BIBLIOGRAPHY, ETC. NOTE
Bibliography, etc Includes Index
650 #0 - SUBJECT ADDED ENTRY--TOPICAL TERM
Topical term or geographic name as entry element Table-talk
Form subdivision Early works to 1800.
9 (RLIN) 12862
700 1# - ADDED ENTRY--PERSONAL NAME
Fuller form of name (David Samuel),
Dates associated with a name 1858-1940.
942 ## - ADDED ENTRY ELEMENTS (KOHA)
Source of classification or shelving scheme Dewey Decimal Classification
Koha item type Books
Holdings
Lost status Source of classification or shelving scheme Damaged status Not for loan Collection code Permanent Location Current Location Shelving location Date acquired Source of acquisition Cost, normal purchase price Total Checkouts Full call number Date last seen Copy number Koha item type
  Dewey Decimal Classification   Not For Loan Non-fiction Central Library, University of Rajshahi Central Library, University of Rajshahi Reading Room 12/08/1969 Zeitlinger 18.00   808.8 TAB 1922 21/12/2013 C-1 Books